[Event "Mercredi 2010.01.06 ABCD"]
[Site "Montreal CAN"]
[Date "2010.01.20"]
[Round "3"]
[White "Lange, David"]
[Black "Dumont, Felix"]
[Result "1/2-1/2"]
[WhiteElo "1960"]
[BlackElo "1955"]
[PlyCount "66"]
[EventDate "2010.01.06"]
[EventType "tourn"]
[EventRounds "5"]
[EventCountry "CAN"]

1. d4 Nf6 2. c4 g6 3. Nf3 Bg7 4. Nc3 O-O 5. e3 d6 6. Be2 Nbd7 7. O-O e5 8. b3
Re8 9. dxe5 Nxe5 10. Bb2 Bd7 11. Qc2 Bf5 12. Qd2 Qe7 13. Nd5 Nxd5 14. cxd5 c6
15. Nxe5 Bxe5 16. Bxe5 Qxe5 17. Bf3 c5 18. Rac1 a5 19. Qc3 Qxc3 20. Rxc3 b5 21.
Re1 b4 22. Rcc1 a4 23. e4 Bd7 24. e5 axb3 25. axb3 Rxe5 26. Rxe5 dxe5 27. h3
Rc8 28. Be2 Kf8 29. Ra1 Ke7 30. Ra7 Kd6 31. Bc4 e4 32. Ra6+ Ke5 33. Ra7 Kd6
1/2-1/2

[Event "Mercredi 2010.01.06 ABCD"]
[Site "Montreal CAN"]
[Date "2010.01.20"]
[Round "3"]
[White "Levkovsky, Alexandre"]
[Black "Cvetkovic, Simeon"]
[Result "1-0"]
[WhiteElo "2194"]
[BlackElo "1926"]
[PlyCount "97"]
[EventDate "2010.01.06"]
[EventType "tourn"]
[EventRounds "5"]
[EventCountry "CAN"]

1. e4 c5 2. Ne2 d6 3. g3 Nc6 4. Bg2 g6 5. d4 cxd4 6. Nxd4 Bg7 7. Nxc6 bxc6 8.
O-O Qb6 9. Na3 Be6 10. c4 Rb8 11. Qa4 Bd7 12. c5 Qxc5 13. Be3 Qb4 14. Qxa7 c5
15. Bd2 Qb6 16. Qxb6 Rxb6 17. Nc4 Ra6 18. Rfe1 Be6 19. Bf1 Ra7 20. a4 Nh6 21.
Ra3 O-O 22. b3 Rb8 23. a5 Ng4 24. Rb1 Bd4 25. Be1 Nf6 26. e5 dxe5 27. b4 cxb4
28. Rxb4 Rxb4 29. Bxb4 Ne4 30. Ne3 f5 31. Bd3 Nd6 32. a6 Kf7 33. Ra5 Kf6 34.
Nd5+ Bxd5 35. Rxd5 Ke6 36. Ra5 Rc7 37. Ra2 Kd5 38. Kg2 e4 39. Be2 Bb6 40. Rd2+
Kc6 41. Rb2 Bd4 42. Ra2 Bb6 43. Rb2 Bd4 44. Ba5 Ra7 45. Rb3 Kd5 46. Rb8 e6 47.
Rd8 Be5 48. Bb6 Re7 49. a7 1-0

[Event "Mercredi 2010.01.06 ABCD"]
[Site "Montreal CAN"]
[Date "2010.01.20"]
[Round "3"]
[White "Messier, Samuel"]
[Black "Chesnut, Walter"]
[Result "1-0"]
[WhiteElo "1603"]
[BlackElo "1636"]
[PlyCount "69"]
[EventDate "2010.01.06"]
[EventType "tourn"]
[EventRounds "5"]
[EventCountry "CAN"]

1. e4 g6 2. d4 Bg7 3. Nc3 c6 4. Bc4 e6 5. Nf3 b5 6. Bb3 a5 7. a3 Ba6 8. d5 exd5
9. exd5 Qe7+ 10. Ne2 b4 11. d6 Qxe2+ 12. Qxe2+ Bxe2 13. Kxe2 bxa3 14. Rxa3 Nf6
15. c3 O-O 16. Be3 Ne4 17. Rd1 Re8 18. Kf1 Bf8 19. Ng5 Nxg5 20. Bxg5 Re5 21.
Bf6 Rf5 22. Bd8 Na6 23. Bxa5 Nc5 24. Bc2 Rh5 25. Bb4 Rxa3 26. Bxa3 Nb7 27. h3
Re5 28. Bb3 Rf5 29. Bc4 Ra5 30. Bb4 Ra7 31. Be2 h5 32. f4 c5 33. Ba3 Bxd6 34.
Bf3 Bb8 35. Rxd7 1-0

[Event "Mercredi 2010.01.06 ABCD"]
[Site "Montreal CAN"]
[Date "2010.01.27"]
[Round "4"]
[White "Cvetkovic, Simeon"]
[Black "Dumont, Felix"]
[Result "1-0"]
[WhiteElo "1943"]
[BlackElo "1906"]
[PlyCount "63"]
[EventDate "2010.01.06"]
[EventType "tourn"]
[EventRounds "5"]
[EventCountry "CAN"]

1. b3 c5 2. Bb2 Nc6 3. Nf3 Nf6 4. g3 g6 5. Bg2 Bg7 6. O-O O-O 7. c4 d6 8. Nc3
Rb8 9. d4 cxd4 10. Nxd4 Bd7 11. Nc2 a6 12. Nd5 Nxd5 13. Bxg7 Kxg7 14. Bxd5 Bh3
15. Re1 Qc7 16. Rc1 Rfd8 17. Qd2 Rbc8 18. Ne3 Kg8 19. Red1 e6 20. Bh1 Rd7 21.
b4 Ne7 22. Qd4 d5 23. Qh4 Bf5 24. g4 Qf4 25. Qg3 Qxg3+ 26. hxg3 d4 27. gxf5
exf5 28. Nd5 Nxd5 29. Bxd5 b5 30. a3 bxc4 31. Rxc4 Rcd8 32. Rcxd4 1-0

[Event "Mercredi 2010.01.06 ABCD"]
[Site "Montreal CAN"]
[Date "2010.01.27"]
[Round "4"]
[White "Gates, Claude-Eric"]
[Black "Gauthier, Luc"]
[Result "0-1"]
[WhiteElo "1692"]
[BlackElo "1689"]
[PlyCount "54"]
[EventDate "2010.01.06"]
[EventType "tourn"]
[EventRounds "5"]
[EventCountry "CAN"]

1. c4 f5 2. g3 Nf6 3. Bg2 e6 4. Nc3 Be7 5. Nf3 O-O 6. O-O d6 7. d3 Qe8 8. e4 e5
9. Nd5 Bd8 10. Qb3 Nxd5 11. cxd5 Qh5 12. Qd1 fxe4 13. dxe4 Bg4 14. Qb3 Nd7 15.
Nd2 Nc5 16. Qe3 Bg5 17. f4 exf4 18. gxf4 Bh6 19. h3 Be2 20. Rf2 Ba6 21. Nf1 Nd3
22. Ng3 Qh4 23. Nf5 Rxf5 24. exf5 Nxf2 25. Qxf2 Qf6 26. Be4 Re8 27. Qc2 Qd4+
0-1

[Event "Mercredi 2010.01.06 ABCD"]
[Site "Montreal CAN"]
[Date "2010.01.27"]
[Round "4"]
[White "Lamouche, Andre"]
[Black "Messier, Samuel"]
[Result "1-0"]
[WhiteElo "1625"]
[BlackElo "1603"]
[PlyCount "67"]
[EventDate "2010.01.06"]
[EventType "tourn"]
[EventRounds "5"]
[EventCountry "CAN"]

1. e4 c6 2. d4 d5 3. Nc3 dxe4 4. Nxe4 Nd7 5. Nf3 Ngf6 6. Ng3 e6 7. Bd3 Bd6 8.
O-O O-O 9. Re1 Qc7 10. c4 c5 11. Qc2 b6 12. Ne4 Nxe4 13. Bxe4 Bb7 14. Bxh7+ Kh8
15. Be4 Bxe4 16. Qxe4 cxd4 17. Qh4+ Kg8 18. Ng5 Nf6 19. b3 Rfe8 20. Bb2 e5 21.
Rad1 Bb4 22. Rf1 b5 23. Rd3 bxc4 24. Rh3 Kf8 25. Qh8+ Ng8 26. Rh7 f6 27. Nf3 c3
28. Bc1 d3 29. Bh6 Re7 30. Nh4 Kf7 31. Qxg7+ Ke6 32. Qg4+ Kd5 33. Rxe7 Qxe7 34.
Qc4+ 1-0

[Event "Mercredi 2010.01.06 ABCD"]
[Site "Montreal CAN"]
[Date "2010.01.27"]
[Round "4"]
[White "Lange, Holger"]
[Black "Baran, Marius"]
[Result "1-0"]
[WhiteElo "1640"]
[BlackElo "1684"]
[PlyCount "137"]
[EventDate "2010.01.06"]
[EventType "tourn"]
[EventRounds "5"]
[EventCountry "CAN"]

1. e4 c5 2. Nf3 d6 3. d4 cxd4 4. Nxd4 Nf6 5. Nc3 g6 6. Be3 Bg7 7. f3 Nc6 8. Bc4
Bd7 9. Bb3 Qa5 10. Qd2 h5 11. O-O-O Rc8 12. Kb1 Ne5 13. Nd5 Qxd2 14. Rxd2 Nc4
15. Bxc4 Rxc4 16. Nb3 b6 17. Bd4 Be6 18. Nxf6+ exf6 19. Bc3 Ke7 20. Rhd1 Bh6
21. Rxd6 Bf4 22. R6d4 Bxh2 23. Rxc4 Bxc4 24. Nd4 Rc8 25. Bb4+ Ke8 26. b3 Ba6
27. c4 Be5 28. Nc2 Rd8 29. Rxd8+ Kxd8 30. Ne3 Bc8 31. Nd5 f5 32. f4 Bg7 33. e5
Be6 34. Be7+ Kd7 35. Bg5 Bf8 36. Kc2 Kc6 37. Nc3 Bb4 38. Nb5 a6 39. Nd4+ Kd7
40. Kd3 Bc5 41. Ne2 Ke8 42. Nc3 Bb4 43. Nd5 Bc5 44. Nc7+ Kd7 45. Nxa6 Kc6 46.
Nxc5 bxc5 47. a3 Bc8 48. b4 cxb4 49. axb4 Bb7 50. Kd4 Kd7 51. g3 Be4 52. Kc5
Bd3 53. b5 Be2 54. b6 Bd3 55. Kd4 Be4 56. Kc5 Bd3 57. Bh6 Kc8 58. Bf8 Kb7 59.
Bd6 Be2 60. Bc7 Bf1 61. Kb4 Bg2 62. Kc5 Bf1 63. Kd5 Be2 64. c5 Bf3+ 65. Kd6 Be4
66. e6 fxe6 67. Kxe6 Kc6 68. Bd6 Bf3 69. Kf6 1-0

[Event "Mercredi 2010.01.06 ABCD"]
[Site "Montreal CAN"]
[Date "2010.01.27"]
[Round "4"]
[White "Le Bas, Nicolas"]
[Black "Khudaverdian, Berj"]
[Result "0-1"]
[WhiteElo "1892"]
[BlackElo "1781"]
[PlyCount "110"]
[EventDate "2010.01.06"]
[EventType "tourn"]
[EventRounds "5"]
[EventCountry "CAN"]

1. e4 d6 2. d4 Nf6 3. Nc3 c6 4. f4 b5 5. Bd3 Nbd7 6. e5 b4 7. Na4 Nd5 8. c4
bxc3 9. Nxc3 e6 10. Nf3 Nb4 11. O-O Nxd3 12. Qxd3 a5 13. Be3 Ba6 14. Qc2 Bxf1
15. Rxf1 g6 16. Ne4 d5 17. Nd6+ Bxd6 18. exd6 Qb6 19. Ne5 f5 20. Rc1 Nxe5 21.
fxe5 Kd7 22. h4 Rhc8 23. h5 Rab8 24. b3 g5 25. g4 Rf8 26. h6 Rf7 27. Qd3 Rbf8
28. Bxg5 Rg8 29. Qd2 f4 30. Bf6 Rxg4+ 31. Kf2 Qb4 32. Qxb4 axb4 33. Kf3 Rg6 34.
Rh1 Rfxf6 35. exf6 Rxf6 36. Kg4 f3 37. Rf1 f2 38. Kg5 Rg6+ 39. Kh5 Rg2 40. Kh4
Kxd6 41. Kh3 Rg6 42. Rxf2 Rxh6+ 43. Kg2 Rh4 44. Rf7 Rxd4 45. Rxh7 Rd2+ 46. Kf3
Rxa2 47. Rh3 Rc2 48. Kf4 Rc3 49. Rh8 Rxb3 50. Rd8+ Kc5 51. Re8 Rd3 52. Rxe6 b3
53. Re8 b2 54. Rb8 Rd4+ 55. Ke3 Rb4 0-1

[Event "Mercredi 2010.01.06 ABCD"]
[Site "Montreal CAN"]
[Date "2010.01.27"]
[Round "4"]
[White "Leveille, Francois"]
[Black "Lange, David"]
[Result "1-0"]
[WhiteElo "2289"]
[BlackElo "1960"]
[PlyCount "81"]
[EventDate "2010.01.06"]
[EventType "tourn"]
[EventRounds "5"]
[EventCountry "CAN"]

1. Nf3 d5 2. g3 Nf6 3. Bg2 e6 4. O-O Be7 5. d3 O-O 6. Nbd2 b6 7. b3 Bb7 8. Bb2
c5 9. e3 Nc6 10. a3 h6 11. Ra2 Qc7 12. c4 dxc4 13. Nxc4 Rfd8 14. Qb1 Nd7 15.
Rc1 Bf6 16. Bxf6 Nxf6 17. b4 cxb4 18. axb4 Qe7 19. b5 Nb4 20. Rd2 Rac8 21. Rdd1
Be4 22. Nd4 Bxg2 23. Kxg2 Nfd5 24. Qb3 g6 25. Nf3 Nf6 26. Rb1 Nbd5 27. e4 Nc7
28. Nce5 Nxb5 29. Qxb5 Rc5 30. Qb2 Rdc8 31. Rbc1 g5 32. h3 Qd6 33. Nxf7 Kxf7
34. e5 Qd5 35. Rxc5 Rxc5 36. exf6 Rb5 37. Qa3 Kxf6 38. Qf8+ Kg6 39. Re1 Qc6 40.
Kh2 Rf5 41. Ne5+ 1-0

[Event "Mercredi 2010.01.06 ABCD"]
[Site "Montreal CAN"]
[Date "2010.01.28"]
[Round "4"]
[White "Levkovsky, Alexandre"]
[Black "Gagnon, Serge"]
[Result "1-0"]
[WhiteElo "2194"]
[BlackElo "1958"]
[PlyCount "79"]
[EventDate "2010.01.06"]
[EventType "tourn"]
[EventRounds "5"]
[EventCountry "CAN"]

1. e4 d6 2. d4 g6 3. Be3 Bg7 4. Qd2 Nf6 5. f3 O-O 6. g4 Nc6 7. Nc3 e5 8. d5 Ne7
9. O-O-O Ne8 10. h4 f5 11. exf5 gxf5 12. g5 c5 13. f4 Qa5 14. h5 e4 15. Kb1 Nc7
16. g6 Bxc3 17. bxc3 Ncxd5 18. Bc4 Be6 19. Kb2 b5 20. Bb3 c4 21. gxh7+ Kxh7 22.
Nh3 Kh6 23. Bd4 Nc6 24. Ng5 cxb3 25. cxb3 Nc7 26. Rdg1 Rg8 27. Nxe6 Nxe6 28.
Rg6+ Kh7 29. Rxe6 Nxd4 30. Re7+ Kh6 31. Qxd4 Rg2+ 32. Kc1 Qa3+ 33. Kd1 Rf8 34.
Rh2 Rg3 35. Rxa7 Qc5 36. Qxc5 dxc5 37. Ra6+ Kh7 38. Rd2 Rg1+ 39. Ke2 Rg2+ 40.
Ke1 1-0

[Event "Mercredi 2010.01.06 ABCD"]
[Site "Montreal CAN"]
[Date "2010.01.27"]
[Round "4"]
[White "Neumark-Gaudet, Zev"]
[Black "Bergeron, Rene"]
[Result "1-0"]
[WhiteElo "1536"]
[BlackElo "1602"]
[PlyCount "55"]
[EventDate "2010.01.06"]
[EventType "tourn"]
[EventRounds "5"]
[EventCountry "CAN"]

1. e4 e5 2. Nc3 Nf6 3. f4 Nc6 4. Nf3 d6 5. Bc4 Bg4 6. O-O Nd4 7. Be2 Nxe2+ 8.
Qxe2 Qd7 9. Qe1 O-O-O 10. fxe5 dxe5 11. Kh1 Bd6 12. d3 h6 13. Be3 Kb8 14. a4
Bxf3 15. Rxf3 Bb4 16. Bxa7+ Ka8 17. Bg1 Qc6 18. Qe3 b6 19. a5 Kb7 20. axb6 cxb6
21. Rxf6 gxf6 22. Nd5 Bc5 23. Qe2 Bxg1 24. Kxg1 f5 25. d4 fxe4 26. Qa6+ Kb8 27.
Qa7+ Kc8 28. Ne7# 1-0

[Event "Mercredi 2010.01.06 ABCD"]
[Site "Montreal CAN"]
[Date "2010.01.27"]
[Round "4"]
[White "Pozdnyakov, Alexander"]
[Black "Keane-McCarney, Eamon"]
[Result "1-0"]
[WhiteElo "1707"]
[BlackElo "1686"]
[PlyCount "81"]
[EventDate "2010.01.06"]
[EventType "tourn"]
[EventRounds "5"]
[EventCountry "CAN"]

1. e4 c5 2. Nc3 d6 3. g3 Nf6 4. Bg2 g6 5. d3 Bg7 6. h3 Nc6 7. Be3 O-O 8. Qd2
Re8 9. Nf3 e5 10. O-O Nd4 11. Kh2 Qc7 12. Ne2 h6 13. c3 Nxe2 14. Qxe2 Be6 15.
c4 Rab8 16. Nh4 b5 17. f4 bxc4 18. dxc4 Rb6 19. Rac1 Qe7 20. f5 gxf5 21. Nxf5
Qb7 22. Nxd6 Rxb2 23. Qf3 Qa6 24. Nxe8 Nxe8 25. Bxc5 Bxc4 26. Rf2 Rxa2 27. Rxa2
Qxa2 28. Qc3 Bb3 29. Ra1 Qc2 30. Qxc2 Bxc2 31. Rxa7 Nf6 32. Ra8+ Kh7 33. Ra2
Bxe4 34. Re2 Bxg2 35. Kxg2 e4 36. Bd4 Kg6 37. Bxf6 Kxf6 38. Rxe4 Kg6 39. Kf3
Bc3 40. Re8 Bg7 41. Kf4 1-0

[Event "Mercredi 2010.01.06 ABCD"]
[Site "Montreal CAN"]
[Date "2010.01.27"]
[Round "4"]
[White "Zroud, Hicham"]
[Black "Cote, Philippe"]
[Result "0-1"]
[WhiteElo "1728"]
[BlackElo "1767"]
[PlyCount "48"]
[EventDate "2010.01.06"]
[EventType "tourn"]
[EventRounds "5"]
[EventCountry "CAN"]

1. e4 d6 2. Nc3 Nf6 3. f4 g6 4. Nf3 Bg7 5. Bc4 O-O 6. d3 c6 7. O-O d5 8. exd5
cxd5 9. Bb3 Bg4 10. Qe1 Bxf3 11. Rxf3 e6 12. f5 gxf5 13. Bg5 Nbd7 14. Qh4 a6
15. Kh1 Ne5 16. Rh3 Neg4 17. Rf1 h6 18. Bd2 Nh7 19. Qh5 Qb6 20. Nd1 Nhf6 21.
Qh4 Kh7 22. Rg3 Qd4 23. Rf4 Qe5 24. h3 Qe2 0-1

[Event "Mercredi 2010.01.06 ABCD"]
[Site "Montreal CAN"]
[Date "2010.02.03"]
[Round "5"]
[White "Baran, Marius"]
[Black "Pozdnyakov, Alexander"]
[Result "1-0"]
[WhiteElo "1684"]
[BlackElo "1707"]
[PlyCount "71"]
[EventDate "2010.01.06"]
[EventType "tourn"]
[EventRounds "5"]
[EventCountry "CAN"]

1. Nf3 f5 2. g3 d6 3. d4 Nd7 4. Bg2 e5 5. dxe5 dxe5 6. O-O Ngf6 7. c4 Be7 8.
Nc3 O-O 9. Qc2 e4 10. Nd4 Ne5 11. Rd1 Qe8 12. Ndb5 Qc6 13. Bf4 Bd6 14. Nxd6
cxd6 15. b3 Nf7 16. Rd4 Be6 17. Qd2 Rfd8 18. Rd1 Rd7 19. f3 Rad8 20. fxe4 fxe4
21. Nxe4 Nxe4 22. Bxe4 Qa6 23. Qc2 h6 24. Bd5 Bxd5 25. Rxd5 Qc6 26. Qg6 Re7 27.
e3 Rde8 28. h4 b5 29. cxb5 Qc3 30. Qd3 Qc8 31. Kg2 Qg4 32. Rd2 Ne5 33. Rxe5
Rxe5 34. Bxe5 dxe5 35. Qc4+ Kh8 36. Qxg4 1-0

[Event "Mercredi 2010.01.06 ABCD"]
[Site "Montreal CAN"]
[Date "2010.02.03"]
[Round "5"]
[White "Cote, Philippe"]
[Black "Le Bas, Nicolas"]
[Result "1-0"]
[WhiteElo "1767"]
[BlackElo "1892"]
[PlyCount "91"]
[EventDate "2010.01.06"]
[EventType "tourn"]
[EventRounds "5"]
[EventCountry "CAN"]

1. e4 e5 2. Nf3 Nc6 3. Bb5 a6 4. Ba4 Nf6 5. O-O Be7 6. Re1 b5 7. Bb3 d6 8. c3
Na5 9. Bc2 c5 10. h3 O-O 11. d4 Qc7 12. d5 c4 13. Nbd2 Nb7 14. Nf1 Nc5 15. Ng3
Rd8 16. Nh2 a5 17. Qf3 b4 18. Ng4 Nxg4 19. hxg4 b3 20. Bb1 Nd7 21. Nf5 Bf8 22.
Bg5 f6 23. Be3 a4 24. axb3 cxb3 25. Bd3 Nc5 26. Be2 Bd7 27. Ra3 Be8 28. g5 Nd7
29. Rea1 Qa5 30. Qh3 Rdc8 31. f3 Rc7 32. Rxa4 Qxa4 33. Rxa4 Rxa4 34. Nxd6 Bxd6
35. Qe6+ Bf7 36. Qxd6 Rb7 37. Bb5 Rxb5 38. Qxd7 Ra1+ 39. Kh2 Rb8 40. Qc7 Raa8
41. gxf6 gxf6 42. d6 Kg7 43. d7 Rd8 44. Bb6 Kg6 45. Qc6 Be8 46. Bxd8 1-0

[Event "Mercredi 2010.01.06 ABCD"]
[Site "Montreal CAN"]
[Date "2010.02.03"]
[Round "5"]
[White "Gagnon, Serge"]
[Black "Cvetkovic, Simeon"]
[Result "1-0"]
[WhiteElo "1958"]
[BlackElo "1943"]
[PlyCount "59"]
[EventDate "2010.01.06"]
[EventType "tourn"]
[EventRounds "5"]
[EventCountry "CAN"]

1. Nf3 c5 2. d4 cxd4 3. Nxd4 Nc6 4. g3 Nf6 5. Bg2 g6 6. c4 Bg7 7. Nc3 O-O 8.
O-O Nxd4 9. Qxd4 d6 10. e4 Nd7 11. Qd2 Nc5 12. Rd1 Be6 13. b3 a6 14. Bb2 Rb8
15. Nd5 Bxb2 16. Qxb2 Bxd5 17. Rxd5 Qc8 18. e5 dxe5 19. Qxe5 Ne6 20. Bh3 f5 21.
Rad1 Ng5 22. Bg2 e6 23. Rc5 Qe8 24. Rc7 Rf7 25. h4 Ne4 26. Rxf7 Kxf7 27. Qc7+
Kf6 28. Bxe4 fxe4 29. Rd7 e5 30. g4 1-0

[Event "Mercredi 2010.01.06 ABCD"]
[Site "Montreal CAN"]
[Date "2010.02.03"]
[Round "5"]
[White "Gauthier, Luc"]
[Black "Lange, Holger"]
[Result "1/2-1/2"]
[WhiteElo "1689"]
[BlackElo "1640"]
[PlyCount "70"]
[EventDate "2010.01.06"]
[EventType "tourn"]
[EventRounds "5"]
[EventCountry "CAN"]

1. e4 c5 2. Nc3 d6 3. f4 e6 4. Nf3 Nf6 5. Bb5+ Nbd7 6. d3 a6 7. Bxd7+ Bxd7 8.
O-O b5 9. Qe1 Be7 10. Bd2 Bc6 11. e5 Nd5 12. Ne4 b4 13. exd6 Bxd6 14. f5 Nc7
15. Nfg5 O-O 16. f6 Be5 17. Nxh7 Bxe4 18. dxe4 Kxh7 19. Qh4+ Kg8 20. Bg5 Qd4+
21. Kh1 Qxb2 22. Rab1 Qxc2 23. Rb3 Qc4 24. Rg1 Bc3 25. fxg7 Bxg7 26. Rh3 f6 27.
Qh7+ Kf7 28. Rf3 Ne8 29. e5 Rh8 30. Qb1 Ke7 31. Rc1 Qg4 32. exf6+ Bxf6 33. Be3
Bd4 34. Bxd4 Qxd4 35. Qg6 Qg7 1/2-1/2

[Event "Mercredi 2010.01.06 ABCD"]
[Site "Montreal CAN"]
[Date "2010.02.03"]
[Round "5"]
[White "Keane-McCarney, Eamon"]
[Black "Gates, Claude-Eric"]
[Result "1/2-1/2"]
[WhiteElo "1686"]
[BlackElo "1692"]
[PlyCount "97"]
[EventDate "2010.01.06"]
[EventType "tourn"]
[EventRounds "5"]
[EventCountry "CAN"]

1. e4 e5 2. Nf3 Nf6 3. Nxe5 d6 4. Nf3 Nxe4 5. Nc3 Nf6 6. d4 Be7 7. Bf4 O-O 8.
Bd3 Nc6 9. O-O Bg4 10. h3 Bxf3 11. Qxf3 Nxd4 12. Qxb7 Ne6 13. Be3 Rb8 14. Qxa7
Rxb2 15. a4 Qa8 16. Rfb1 Rxb1+ 17. Rxb1 Qc6 18. Qa5 Ra8 19. Bb5 Qxg2+ 20. Kxg2
Rxa5 21. Bc6 g6 22. Ne2 Kg7 23. Nd4 Nd5 24. Bxd5 Rxd5 25. Nxe6+ fxe6 26. Rb7
Kf6 27. Rxc7 Ra5 28. Ra7 Rxa7 29. Bxa7 Bd8 30. c4 Ke5 31. Kf3 h5 32. Ke3 Ba5
33. Bd4+ Kf5 34. Ba7 Bc7 35. f3 g5 36. Bd4 Ba5 37. Bg7 Bb6+ 38. Bd4 Ba5 39. Bg7
Bb6+ 40. Ke2 g4 41. fxg4+ hxg4 42. hxg4+ Kxg4 43. Bf8 Bc7 44. a5 Bxa5 45. Bxd6
Bb6 46. Kd3 Kf5 47. Kc3 e5 48. Kd3 e4+ 49. Ke2 1/2-1/2

[Event "Mercredi 2010.01.06 ABCD"]
[Site "Montreal CAN"]
[Date "2010.02.03"]
[Round "5"]
[White "Khudaverdian, Berj"]
[Black "Dobrev, Martin"]
[Result "1/2-1/2"]
[WhiteElo "1781"]
[BlackElo "1818"]
[PlyCount "84"]
[EventDate "2010.01.06"]
[EventType "tourn"]
[EventRounds "5"]
[EventCountry "CAN"]

1. Nf3 d5 2. g3 Nf6 3. Bg2 Bf5 4. d3 h6 5. Nbd2 e6 6. O-O Be7 7. Re1 O-O 8. h3
c5 9. e4 Bh7 10. Qe2 Nc6 11. e5 Nd7 12. c3 Qb6 13. b3 a5 14. c4 Nb4 15. cxd5
exd5 16. e6 fxe6 17. Qxe6+ Qxe6 18. Rxe6 Bf6 19. d4 Nc2 20. Bb2 Nxa1 21. Bxa1
a4 22. Rd6 axb3 23. Ne5 Nxe5 24. dxe5 Rxa2 25. Bxd5+ Kh8 26. Nxb3 Be7 27. Rd7
Bc2 28. Bc3 Bxb3 29. Bxb3 Ra3 30. Rxb7 c4 31. Rxe7 Rxb3 32. Bd4 Rd8 33. Be3 c3
34. Rc7 Kg8 35. Kg2 Rd5 36. e6 Kf8 37. Bc5+ Ke8 38. e7 Rxc5 39. Rxc5 Kxe7 40.
Kf3 Kd6 41. Rc8 Ke5 42. Ke3 Kd5 1/2-1/2

[Event "Mercredi 2010.01.06 ABCD"]
[Site "Montreal CAN"]
[Date "2010.02.03"]
[Round "5"]
[White "Lange, David"]
[Black "Levkovsky, Alexandre"]
[Result "1-0"]
[WhiteElo "1960"]
[BlackElo "2194"]
[PlyCount "97"]
[EventDate "2010.01.06"]
[EventType "tourn"]
[EventRounds "5"]
[EventCountry "CAN"]

1. d4 d5 2. c4 dxc4 3. Nc3 a6 4. a4 Nc6 5. e3 Na5 6. Nf3 Bg4 7. h3 Bh5 8. g4
Bg6 9. Ne5 e6 10. Nxc4 Bb4 11. Nxa5 Bxa5 12. Bg2 c6 13. Qb3 Qe7 14. O-O h5 15.
g5 Qb4 16. Qxb4 Bxb4 17. a5 Ne7 18. Ra4 Bxc3 19. bxc3 Bd3 20. Re1 Nd5 21. c4
Nc3 22. Rb4 Ne2+ 23. Kh2 Nxc1 24. Rxc1 O-O-O 25. Rc3 Bg6 26. Rcb3 Rd7 27. Bxc6
bxc6 28. Rb8+ Kc7 29. R3b7+ Kd6 30. c5+ Ke7 31. Rxd7+ Kxd7 32. Rxh8 e5 33. Kg3
Ke6 34. Re8+ Kd5 35. Rxe5+ Kc4 36. f4 Bd3 37. Re7 Kb5 38. Rxf7 g6 39. Rf6 Be4
40. Re6 Bf5 41. Rd6 Be4 42. h4 Kxa5 43. Re6 Bd5 44. Rxg6 Kb4 45. f5 a5 46. Rg7
a4 47. Ra7 a3 48. g6 Bb3 49. Rxa3 1-0

[Event "Mercredi 2010.01.06 ABCD"]
[Site "Montreal CAN"]
[Date "2010.02.03"]
[Round "5"]
[White "Maharisoa, Tantely"]
[Black "Lamouche, Andre"]
[Result "0-1"]
[WhiteElo "1593"]
[BlackElo "1625"]
[PlyCount "74"]
[EventDate "2010.01.06"]
[EventType "tourn"]
[EventRounds "5"]
[EventCountry "CAN"]

1. d4 Nf6 2. Nf3 d5 3. c4 c6 4. e3 g6 5. Bd3 Bg7 6. h3 O-O 7. O-O Nbd7 8. cxd5
Nxd5 9. Nc3 N7b6 10. e4 Nb4 11. Bb1 a5 12. Be3 Nc4 13. Bf4 b5 14. Qc1 Bb7 15.
Bh6 Rc8 16. a3 Na6 17. b3 Nb6 18. Rd1 e6 19. Qf4 b4 20. axb4 axb4 21. Ne2 c5
22. Bd3 c4 23. bxc4 Nxc4 24. Bxg7 Kxg7 25. Rac1 Na3 26. Ng5 Rxc1 27. Rxc1 Qb8
28. e5 Qd8 29. h4 h6 30. Ne4 Bxe4 31. Qxe4 Qa8 32. Rc6 Nb8 33. Rb6 Qxe4 34.
Bxe4 f5 35. exf6+ Kxf6 36. Rxb4 Nd7 37. Rb3 Nc4 0-1

[Event "Mercredi 2010.01.06 ABCD"]
[Site "Montreal CAN"]
[Date "2010.02.03"]
[Round "5"]
[White "Messier, Samuel"]
[Black "Neumark-Gaudet, Zev"]
[Result "0-1"]
[WhiteElo "1603"]
[BlackElo "1536"]
[PlyCount "60"]
[EventDate "2010.01.06"]
[EventType "tourn"]
[EventRounds "5"]
[EventCountry "CAN"]

1. e4 d5 2. exd5 Qxd5 3. Nc3 Qa5 4. d4 Nf6 5. Nf3 Bf5 6. Bc4 c6 7. Bd2 Qc7 8.
Ne5 e6 9. g4 Be4 10. Nxe4 Nxe4 11. Bf4 Bd6 12. Qf3 Nf6 13. O-O-O Nbd7 14. Rhe1
Bxe5 15. dxe5 Nd5 16. Bxd5 cxd5 17. Rd3 b5 18. Qe2 b4 19. Bg3 Nc5 20. Rd4 b3
21. Qb5+ Ke7 22. Bh4+ f6 23. exf6+ gxf6 24. Bg3 e5 25. Rxd5 bxa2 26. Rexe5+
fxe5 27. Rxe5+ Qxe5 28. Bxe5 a1=Q+ 29. Kd2 Rad8+ 30. Ke3 Qe1+ 0-1

[Event "Mercredi 2010.02.17 ABCD"]
[Site "Montreal CAN"]
[Date "2010.02.17"]
[Round "1"]
[White "Baran, Marius"]
[Black "Chesnut, Walter"]
[Result "1-0"]
[WhiteElo "1701"]
[BlackElo "1626"]
[PlyCount "81"]
[EventDate "2010.02.17"]
[EventType "tourn"]
[EventRounds "5"]
[EventCountry "CAN"]

1. d4 d5 2. Nf3 Nf6 3. g3 h6 4. Bg2 Bf5 5. O-O e6 6. c4 c6 7. cxd5 exd5 8. Nc3
Bd6 9. Qb3 Qb6 10. Qxb6 axb6 11. Bd2 Nbd7 12. Rfe1 O-O 13. Nh4 Bh7 14. e4 dxe4
15. Nxe4 Nxe4 16. Bxe4 f5 17. Bc2 g5 18. Bb3+ Kg7 19. Nf3 Rfe8 20. Bc3 Kf8 21.
Rad1 Rxe1+ 22. Rxe1 Re8 23. Ne5 Bxe5 24. dxe5 Nc5 25. Bb4 Ke7 26. f4 gxf4 27.
gxf4 Kd8 28. Rd1+ Kc7 29. Bf7 Rd8 30. Rxd8 Kxd8 31. Bxc5 bxc5 32. Kf2 Ke7 33.
Bb3 b5 34. a4 c4 35. Bc2 bxa4 36. Bxa4 c5 37. Bc6 Ke6 38. Ke3 Bg6 39. Bb7 Bf7
40. Bc8+ Kd5 41. Bxf5 1-0

[Event "Mercredi 2010.02.17 ABCD"]
[Site "Montreal CAN"]
[Date "2010.02.17"]
[Round "1"]
[White "Bergeron, Rene"]
[Black "Guindon, Alex"]
[Result "1-0"]
[WhiteElo "1618"]
[BlackElo "1485"]
[PlyCount "37"]
[EventDate "2010.02.17"]
[EventType "tourn"]
[EventRounds "5"]
[EventCountry "CAN"]

1. e4 e5 2. Nf3 Nf6 3. Nxe5 d6 4. Nf3 Nxe4 5. d4 d5 6. c4 dxc4 7. Bxc4 Bb4+ 8.
Nbd2 O-O 9. O-O Re8 10. Qb3 Bxd2 11. Bxf7+ Kh8 12. Bxe8 Bxc1 13. Qf7 Qf6 14.
Raxc1 Qxf7 15. Bxf7 c6 16. Rfe1 Nd6 17. Be6 Bxe6 18. Rxe6 Nd7 19. Rxd6 1-0

[Event "Mercredi 2010.02.17 ABCD"]
[Site "Montreal CAN"]
[Date "2010.02.17"]
[Round "1"]
[White "Dobrev, Martin"]
[Black "Gates, Claude-Eric"]
[Result "1-0"]
[WhiteElo "1846"]
[BlackElo "1706"]
[PlyCount "116"]
[EventDate "2010.02.17"]
[EventType "tourn"]
[EventRounds "5"]
[EventCountry "CAN"]

1. d4 Nf6 2. Nf3 e6 3. Bf4 b6 4. c4 Bb4+ 5. Nc3 Bb7 6. Qb3 c5 7. O-O-O Bxc3 8.
Qxc3 O-O 9. dxc5 Ne4 10. Qe3 Nxc5 11. Bd6 Re8 12. Bxc5 bxc5 13. Qxc5 Na6 14.
Qb5 Qf6 15. Qe5 Qd8 16. e3 d5 17. Kb1 Qb6 18. Bd3 dxc4 19. Bxh7+ Kf8 20. Rd6
Bc6 21. Rxc6 Qxc6 22. Be4 Qb6 23. Bxa8 Rxa8 24. Rc1 Nc5 25. Rxc4 Nd3 26. Qd4
Qxd4 27. Rxd4 Nxf2 28. b4 Rb8 29. a4 Ke7 30. Kb2 f5 31. Ne5 Rb7 32. Kb3 Ne4 33.
b5 a6 34. Nc6+ Kf6 35. Kc4 axb5+ 36. axb5 g5 37. Kb4 g4 38. Ka5 Nc3 39. Rb4
Nxb5 40. Rxb5 Rh7 41. Rb2 Rxh2 42. Rb5 e5 43. Kb4 f4 44. exf4 exf4 45. Nd4 f3
46. Rb6+ Ke5 47. gxf3 g3 48. Kc3 g2 49. Ne2 Rh1 50. Rb8 Rh2 51. Kd3 Kf6 52. Rg8
Kf7 53. Rg3 Kf6 54. Ng1 Rh5 55. Rxg2 Ra5 56. Rd2 Ke5 57. Ne2 Ra4 58. f4+ Ke6
1-0